ბათუმის შოთა რუსთაველის სახელმწიფო უნივერსიტეტის ბიბლიოთეკა

მასალები საქართველოს ეთნოგრაფიისათვის. XI. Материалы по этнографии. XI. (ბიბ.ჩანაწერი № 38169)

000 -LEADER
fixed length control field 00971nam a2200205Ia 4500
001 - CONTROL NUMBER
control field 4159
003 - CONTROL NUMBER IDENTIFIER
control field GE_BSU
008 - FIXED-LENGTH DATA ELEMENTS--GENERAL INFORMATION
fixed length control field 181216s||||||||xx |||||||||||||| ||und||
040 ## - CATALOGING SOURCE
Transcribing agency GE_BSU
080 ## - UNIVERSAL DECIMAL CLASSIFICATION NUMBER
Universal Decimal Classification number 39(479.22)
245 ## - TITLE STATEMENT
Title მასალები საქართველოს ეთნოგრაფიისათვის. XI. Материалы по этнографии. XI.
245 ## - TITLE STATEMENT
Remainder of title ივ. ჯავახიშვილის სახ. ისტორიის, არქეოლოგიისა და ეთნოგრაფიის ინ–ტი.
260 ## - PUBLICATION, DISTRIBUTION, ETC.
Place of publication, distribution, etc. თბილისი
260 ## - PUBLICATION, DISTRIBUTION, ETC.
Name of publisher, distributor, etc. საქ. სსრ. მეცნ. აკად. გამ–ბა.
260 ## - PUBLICATION, DISTRIBUTION, ETC.
Date of publication, distribution, etc. 1960
300 ## - PHYSICAL DESCRIPTION
Extent 213 გვ. 26 სმ.
653 ## - INDEX TERM--UNCONTROLLED
Uncontrolled term მასალები საქართველოს ეთნოგრაფიისათვის. XI. Материалы по этнографии. XI.
942 ## - ADDED ENTRY ELEMENTS (KOHA)
Koha item type წიგნი

არაა ხელმისაწვდომი ეგზემპლარები.